LEADER 01476nam a2200289 i 4500 001 000000230811 003 CaOOAMICUS 005 20140619000000.0 008 140619s2013 it u000 u fre u 013 $a209713 020 $a978-88-213-0853-6 040 $aSeMil$bita 100 1 $aMusoni, Aimable.$0(OLS)http://semarc/name/79487 245 10$aEcclesia Mater chez Cyprien de Carthage :$bsignification et portée théologique /$cAimable Musoni. 260 $aRoma :$bLAS,$c2013. 300 $a386 p. ;$c24 cm. 490 0 $aFlumina ex fontibus ;$v3 500 $aTeesto rivisto della Tesi di dottorato in teologia dogmatica, Università Pontificia Salesiana, Roma, 2002 . - In copertina : Pontificium Institutum Altioris Latinitatis. Facoltà di lettere cristiane e classiche. 600 04$aCipriano : di Cartagine .$0(OLS)http://semarc/subject/8365 650 4$aCipriano : di Cartagine - Ecclesiologia.$0(OLS)http://semarc/subject/41407 830 0$aFlumina ex fontibus ;$v3.$0(OLS)http://semarc/title/40946 850 $aSeMil 852 $aSeMil$W1$xVenegono$y1$m2S VII 6$j181157$B181157$CSeMilBibl$Z2$F192021 $81 961 $aAcquisto: LI.CO.SA 996 $6020$a978-88-213-0853-6$9(OLS)http://semarc/number/233770 996 $6245$aEcclesia Mater chez Cyprien de Carthage :$bsignification et portée théologique$9(OLS)http://semarc/title/329753 996 $6260$aRoma :$bLAS$9(OLS)http://semarc/publisher/29900 LEADER 01251nam a2200289 i 4500 001 000000117048 003 CaOOAMICUS 005 20030709000000.0 008 030709s1980 it u000 u mul u 013 $a89737 040 $aSeMil$bita 245 10$aItinerari ecumenici :$bspiritualità del nostro tempo. 260 $aMilano :$b[s.n.],$c1980$e(Milano :$fGrafiche Boniardi,$g1980) 300 $a94 p. ;$c21 cm. 490 0 $aQuaderni del Centro interreligioso Henri Le Saux ;$v2 500 $aFondo Card. C.M. Martini. 650 4$aVita religiosa - Spiritualità.$0(OLS)http://semarc/subject/1528 650 4$aEcumenismo.$0(OLS)http://semarc/subject/3071 650 4$aGiovani - Religioni.$0(OLS)http://semarc/subject/21625 650 4$aGiudaismo - Fede.$0(OLS)http://semarc/subject/12580 830 0$aQuaderni del Centro interreligioso Henri Le Saux ;$v2.$0(OLS)http://semarc/title/10974 850 $aSeMil 852 $aSeMil$W1$xVenegono$y1$m2K II 106$j72448$B72448$CSeMilBibl$Z2$F98381 $81 941 1 $a4 961 $aOmaggio: Martini Card. Carlo Maria 996 $6245$aItinerari ecumenici :$bspiritualità del nostro tempo$9(OLS)http://semarc/title/171759 996 $6260$aMilano :$b[s.n.]$9(OLS)http://semarc/publisher/29709